01848pam a2200397Ia 4500001001100000003000800011006001900019007001500038008004100053010001700094020002800111020002200139040002100161035002100182050002400203082001600227245015200243260005600395300001500451490014000466504006800606533015200674630005900826650005000885650003200935650003400967650003101001650003201032650002801064655002901092700002701121710001701148830014301165856012501308999001701433ebr5000282CaPaEBRm u cr cn|||||||||970214s1997 ne sb 001 0 eng d z 97002502  z1556196172 (alk. paper) z9027245681 (Eur.) aCaPaEBRcCaPaEBR a(OCoLC)66583781014aBS1186b.E44 1997eb04a401/.4322104aThe emergence of semantics in four linguistic traditionsh[electronic resource] :bHebrew, Sanskrit, Greek, Arabic /cWout Van Bekkum ... [et al.]. aAmsterdam ;aPhiladelphia :bJohn Benjamins,c1997. aix, 322 p.1 aAmsterdam studies in the theory and history of linguistic science. Series III, Studies in the history of the language sciences ;vv. 82 aIncludes bibliographical references (p. [323-326]) and indexes. aElectronic reproduction.bPalo Alto, Calif. :cebrary,d2013.nAvailable via World Wide Web.nAccess may be limited to ebrary affiliated libraries.00aBible.pO.T.xCriticism, interpretation, etc., Jewish. 0aRabbinical literaturexHistory and criticism. 0aHebrew languagexSemantics. 0aSanskrit languagexSemantics. 0aGreek languagexSemantics. 0aArabic languagexSemantics. 0aSemantics, Comparative. 7aElectronic books.2local1 aBekkum, Wout Jac. van.2 aebrary, Inc. 0aAmsterdam studies in the theory and history of linguistic science.nSeries III,pStudies in the history of the language sciences ;vv. 82.40uhttp://site.ebrary.com/lib/rucke/Doc?id=5000282zAn electronic book accessible through the World Wide Web; click to view c17697d17697